| 000 | 01004nam a2200361 a 4500 | ||
|---|---|---|---|
| 001 | vtls000046896 | ||
| 003 | NLI | ||
| 005 | 20210601185435.0 | ||
| 008 | 101125s1969 enk 001 p eng | ||
| 020 |
_a304934941 _c$ 1.75 |
||
| 039 | 9 |
_y201011250431 _zVLOAD |
|
| 040 | 0 |
_aNLI _beng _cVERGIS-2003 |
|
| 041 | 0 | _aeng | |
| 044 | _aenk | ||
| 082 | 0 | 4 | _a821.91 |
| 100 | 1 |
_aGraves, Robert _998642 |
|
| 245 | 1 | 0 |
_aRobert Graves, poems about love/ _cRobert Graves |
| 260 |
_aLondon: _bCassell, _c1969 |
||
| 300 |
_a189 p.; _c22 cm. |
||
| 500 | _aIncludes index | ||
| 650 | 0 |
_aEnglish poetry _y20th century _9117738 |
|
| 650 | 0 | _aLove poetry, English | |
| 887 | _aNirmala | ||
| 901 |
_a396310 _b21/03/1970 |
||
| 902 | _aE 821.91 G 787 l | ||
| 903 | _a29/05/2004 | ||
| 904 | _aNirmala | ||
| 906 | _a048810 | ||
| 949 |
_AVIRTUAITEM _D10000 _F1 _X100 _6PUR000396310ENG _aE 821.91 G787l |
||
| 942 |
_2ddc _cBKS |
||
| 999 |
_aVIRTUA _c51171 _d51171 |
||
| 999 | _aVTLSSORT0200*9010*9020*9030*9040*9060*9490*9991 | ||